| 000 -LEADER |
| fixed length control field |
01215cam a2200289 i 4500 |
| 001 - CONTROL NUMBER |
| control field |
19193789 |
| 003 - CONTROL NUMBER IDENTIFIER |
| control field |
MAJU-Karachi |
| 005 - DATE AND TIME OF LATEST TRANSACTION |
| control field |
20201003111959.0 |
| 008 - FIXED-LENGTH DATA ELEMENTS--GENERAL INFORMATION |
| fixed length control field |
160727s2018 nyu b 001 0 eng |
| 010 ## - LIBRARY OF CONGRESS CONTROL NUMBER |
| LC control number |
2016022886 |
| 020 ## - INTERNATIONAL STANDARD BOOK NUMBER |
| International Standard Book Number |
9780134523859 (pbk. : alk. paper) |
| 040 ## - CATALOGING SOURCE |
| Original cataloging agency |
DLC |
| Language of cataloging |
eng |
| Transcribing agency |
DLC |
| Description conventions |
rda |
| Modifying agency |
DLC |
| 042 ## - AUTHENTICATION CODE |
| Authentication code |
pcc |
| 050 00 - LIBRARY OF CONGRESS CALL NUMBER |
| Classification number |
HD58.7 |
| Item number |
.R6 2018 |
| 082 00 - DEWEY DECIMAL CLASSIFICATION NUMBER |
| Classification number |
658.3 |
| Edition number |
23 |
| 100 1# - MAIN ENTRY--PERSONAL NAME |
| Personal name |
Robbins, Stephen P., |
| Dates associated with a name |
1943- |
| Relator term |
author. |
| 245 10 - TITLE STATEMENT |
| Title |
Essentials of organizational behavior / |
| Statement of responsibility, etc |
Stephen P. Robbins, San Diego State University, Timothy A. Judge, The Ohio State University. |
| 250 ## - EDITION STATEMENT |
| Edition statement |
Fourteenth edition. |
| 300 ## - PHYSICAL DESCRIPTION |
| Extent |
xxx, 370 pages ; |
| Dimensions |
24 cm |
| 504 ## - BIBLIOGRAPHY, ETC. NOTE |
| Bibliography, etc |
Includes bibliographical references and index. |
| 650 #0 - SUBJECT ADDED ENTRY--TOPICAL TERM |
| Topical term or geographic name as entry element |
Organizational behavior. |
| 700 1# - ADDED ENTRY--PERSONAL NAME |
| Personal name |
Judge, Tim, |
| Relator term |
author. |
| 776 08 - ADDITIONAL PHYSICAL FORM ENTRY |
| Display text |
Online version: |
| Main entry heading |
Robbins, Stephen P., 1943- author. |
| Title |
Essentials of organizational behavior |
| Edition |
Fourteen edition. |
| Place, publisher, and date of publication |
Boston : Pearson Education, [2016] |
| International Standard Book Number |
9780134527314 |
| Record control number |
(DLC) 2016034760 |
| 906 ## - LOCAL DATA ELEMENT F, LDF (RLIN) |
| a |
7 |
| b |
cbc |
| c |
orignew |
| d |
1 |
| e |
ecip |
| f |
20 |
| g |
y-gencatlg |
| 942 ## - ADDED ENTRY ELEMENTS (KOHA) |
| Source of classification or shelving scheme |
|
| Koha item type |
Management |